Summary of the bombay metropolitan regional plan (Record no. 416685)

000 -LEADER
fixed length control field 00419cam a22001217a 4500
008 - FIXED-LENGTH DATA ELEMENTS--GENERAL INFORMATION
fixed length control field 180718b xxu||||| |||| 00| 0 eng d
082 ## - DEWEY DECIMAL CLASSIFICATION NUMBER
Classification number J7mtx54 In2
245 ## - TITLE STATEMENT
Title Summary of the bombay metropolitan regional plan
Statement of responsibility, etc. by Indian Institute of Architects
260 ## - PUBLICATION, DISTRIBUTION, ETC.
Place of publication, distribution, etc. Bombay
Name of publisher, distributor, etc. Indian Institute of Architects
Date of publication, distribution, etc.
300 ## - PHYSICAL DESCRIPTION
Extent 41p.
650 ## - SUBJECT ADDED ENTRY--TOPICAL TERM
Topical term or geographic name entry element Metropolitan Planning - india - Bombay
700 ## - ADDED ENTRY--PERSONAL NAME
Personal name India.Indian Institute of Architects
Holdings
Withdrawn status Lost status Damaged status Not for loan Permanent Location Current Location Date acquired Full call number Barcode Date last seen Price effective from Koha item type
        Indian Institute of Public Administration Indian Institute of Public Administration 2009-03-18 J7mtx54 In2 D1587 2018-07-21 2018-07-21 D

Powered by Koha